000 00673cam a22002291 4500
001 sa 64000654
003 DLC
005 20260227111957.0
008 720622s1959 io ac 000 0 ind
010 _asa 64000654
035 _a(OCoLC)338541
040 _aDLC
_cOAU
_dDLC
042 _apremarc
043 _aa-io---
050 0 0 _aDS646.1
_b.D52
100 1 _aDjamil, Muhammad Junus,
_d1907-1978.
245 1 0 _aGadjah putih Iskandar Muda.
260 _aKutaradja,
_bLembaga Kebudajaan Atjeh
_c[cover 1959]
300 _a150 p.
_billus., ports.
_c22 cm.
500 _a"Ralat": slip inserted.
651 0 _aNanggroe Aceh Darussalam (Indonesia)
_xDescription and travel.
999 _c56370
_d56370